Housing association partnerships (Record no. 70268)
[ view plain ]
| 000 -LEADER | |
|---|---|
| fixed length control field | 01036cam a2200217 4500 |
| 001 - CONTROL NUMBER | |
| control field | WB3818-14 |
| 008 - FIXED-LENGTH DATA ELEMENTS--GENERAL INFORMATION | |
| fixed length control field | 020516n2002 000 0 eng u |
| 035 ## - SYSTEM CONTROL NUMBER | |
| System control number | (Sirsi) u117984 |
| 245 ## - TITLE STATEMENT | |
| Title | Housing association partnerships |
| 260 ## - PUBLICATION, DISTRIBUTION, ETC. | |
| Date of publication, distribution, etc. | 2002 |
| 490 ## - SERIES STATEMENT | |
| Series statement | Inside Housing |
| Volume/sequential designation | 10 May 2002, 8(1) |
| 520 ## - SUMMARY, ETC. | |
| Summary, etc. | Report for the Housing Corporation and Building Societies Association claims partnerships between housing associations and financial institutions could help reduce rent arrears and void levels and combat financial exclusion. Three established partnership models are highlighted that would benefit tenants. 'Partnerships for financial inclusion: housing associations and financial institutions' is available from the Building Societies Association t +44(0) 20 7440 2204. |
| 590 ## - LOCAL NOTE (RLIN) | |
| Local note | WB |
| 650 ## - SUBJECT ADDED ENTRY--TOPICAL TERM | |
| Topical term or geographic name entry element | BUILDING SOCIETIES ASSOCIATION |
| 650 ## - SUBJECT ADDED ENTRY--TOPICAL TERM | |
| Topical term or geographic name entry element | HOUSING CORPORATION |
| 650 ## - SUBJECT ADDED ENTRY--TOPICAL TERM | |
| Topical term or geographic name entry element | HOUSING ASSOCIATIONS |
| 650 ## - SUBJECT ADDED ENTRY--TOPICAL TERM | |
| Topical term or geographic name entry element | FINANCIAL INSTITUTIONS |
| 650 ## - SUBJECT ADDED ENTRY--TOPICAL TERM | |
| Topical term or geographic name entry element | SOCIAL HOUSING |
| 690 ## - LOCAL SUBJECT ADDED ENTRY--TOPICAL TERM (OCLC, RLIN) | |
| Topical term or geographic name as entry element | HOUSING-HOUSING FINANCE |
| 942 ## - ADDED ENTRY ELEMENTS (KOHA) | |
| Suppress in OPAC | 0 |
| Withdrawn status | Lost status | Source of classification or shelving scheme | Damaged status | Not for loan | Home library | Current library | Shelving location | Date acquired | Total Checkouts | Full call number | Barcode | Date last seen | Copy number | Price effective from | Koha item type |
|---|---|---|---|---|---|---|---|---|---|---|---|---|---|---|---|
| Dewey Decimal Classification | London | London | News article | 16/05/2002 | WB3818-14 | 117984-1001 | 06/08/2019 | 1 | 06/08/2019 | News article |